000 01245nam a2200301 a 4500
001 1522
003 BR-CuiBMT
005 20231214001653.0
008 231117s2009 dfba 000 0 por d
020 _a9780662468615
040 _aBR-CuiBMT
_cBR-CuiBMT
080 _a657.6:504
_22007
090 _a657.6:504
_bI61e
110 1 _aInternational Organization of Supreme Audit Institutions.
_bWorking Group on Environmental Auditing.
240 1 _aEvolution and trends in environmental auditing.
_lPortuguês.
245 1 0 _aEvolução e tendências em auditoria ambiental /
_cGrupo de trabalho de auditoria ambiental da Intosai.
260 _aBrasília:
_bTribunal de Contas da União,
_c2009.
300 _a91 p. :
_bil. ;
_c29 cm
500 _aTradução de: Evolution and trends in environmental auditing.
500 _aPublicação editada pela Editora do TCU.
500 _aO Brasil foi um dos países contribuintes do grupo de trabalho. Auditorias do TCU foram utilizadas para elaboração do relatório.
504 _ainclui bibliografia.
650 _aAuditoria ambiental
_zBrasil
650 _aInstituição superior de controle
650 _aGovernança pública
650 _aMeio ambiente
_xFiscalização
942 _2udc
_cLV
999 _c1522
_d1522